Pinocho / (Registro nro. 3306)
[ vista simple ]
| 000 -LEADER | |
|---|---|
| fixed length control field | 00637nam a2200193Ia 4500 |
| 003 - CONTROL NUMBER IDENTIFIER | |
| control field | OSt |
| 005 - DATE AND TIME OF LATEST TRANSACTION | |
| control field | 20200518153152.0 |
| 008 - FIXED-LENGTH DATA ELEMENTS--GENERAL INFORMATION | |
| fixed length control field | 191128s2009 ck a br 000 j spa d |
| 020 ## - INTERNATIONAL STANDARD BOOK NUMBER | |
| International Standard Book Number | 9789588314181 |
| 040 ## - CATALOGING SOURCE | |
| Original cataloging agency | CO-JMCR |
| Transcribing agency | CO-JMCR |
| 041 ## - LANGUAGE CODE | |
| Language code of text/sound track or separate title | spa |
| 082 04 - DEWEY DECIMAL CLASSIFICATION NUMBER | |
| Classification number | C / |
| Item number | PINp |
| 245 10 - TITLE STATEMENT | |
| Title | Pinocho / |
| 260 ## - PUBLICATION, DISTRIBUTION, ETC. | |
| Place of publication, distribution, etc. | Bogotá : |
| Name of publisher, distributor, etc. | Toy cantando, |
| Date of publication, distribution, etc. | 2009 |
| 300 ## - PHYSICAL DESCRIPTION | |
| Extent | [31] páginas : |
| Other physical details | iustraciones a color ; |
| Dimensions | 12 cm. x 17 cm. |
| 520 ## - SUMMARY, ETC. | |
| Summary, etc. | Un anciano llamado Geppetto fabrica una marioneta de madera a la que llama Pinocho, con la esperanza de que se convierta en un niño de verdad |
| 650 ## - SUBJECT ADDED ENTRY--TOPICAL TERM | |
| Topical term or geographic name entry element | Cuentos infantiles |
| 9 (RLIN) | 4496 |
| 942 ## - ADDED ENTRY ELEMENTS (KOHA) | |
| Source of classification or shelving scheme | Dewey Decimal Classification |
| Koha item type | Books |
| Withdrawn status | Lost status | Source of classification or shelving scheme | Damaged status | Not for loan | Home library | Current library | Date acquired | Source of acquisition | Cost, normal purchase price | Total Checkouts | Total Renewals | Full call number | Barcode | Date last seen | Date last checked out | Copy number | Koha item type |
|---|---|---|---|---|---|---|---|---|---|---|---|---|---|---|---|---|---|
| Dewey Decimal Classification | Biblioteca Pública José María del Castillo y Rada | Biblioteca Pública José María del Castillo y Rada | 11/28/2019 | Donación | 0.00 | 3 | 2 | C / PINp | 201507046 | 07/17/2025 | 07/16/2025 | Ej.1 | Books |